|
|
|
|
| LEADER |
00000nab#a22000007a#4500 |
| 001 |
arbauad005816 |
| 003 |
AR-BaUAD |
| 005 |
20250711110730.0 |
| 008 |
941011|||||||||###||||||b###|0###a|spa|| |
| 040 |
|
|
|a AR-BaUAD
|c AR-BaUAD
|b spa
|
| 100 |
|
|
|a Ferreira dos Santos, Carlos Nelson
|
| 245 |
|
|
|a Entre Río de Janeiro y Brasilia, la arquitectura de siempre /
|c Carlos Nelson Ferreira dos Santos;
|
| 300 |
0 |
|
|b fot.
|
| 653 |
|
|
|a ARQUITECTURA
|
| 653 |
|
|
|a RIO DE JANEIRO
|
| 653 |
|
|
|a BRASILIA
|
| 653 |
|
|
|a BRASIL
|
| 773 |
0 |
|
|t SUMMA
|g no. 142 [oct. 1979], p. 68-74
|
| 942 |
|
|
|c ARTI
|
| 952 |
|
|
|0 0
|1 0
|4 0
|7 0
|9 50736
|a AR-BAuAD
|b AR-BAuAD
|d 2025-07-11
|l 0
|p AAQA005816
|r 2025-07-11 11:07:30
|w 2025-07-11
|y ARTI
|
| 990 |
|
|
|a AQ197
|b TD
|
| 998 |
|
|
|a AAQ
|b BIBUN76
|
| 999 |
|
|
|c 30409
|d 30409
|